Bird life: (Record no. 359445)
[ view plain ]
| 000 -LEADER | |
|---|---|
| fixed length control field | 00578nam a2200205Ia 4500 |
| 003 - CONTROL NUMBER IDENTIFIER | |
| control field | SISC |
| 005 - DATE AND TIME OF LATEST TRANSACTION | |
| control field | 20181121065808.0 |
| 008 - FIXED-LENGTH DATA ELEMENTS--GENERAL INFORMATION | |
| fixed length control field | 181119s9999 xx 000 0 und d |
| 020 ## - INTERNATIONAL STANDARD BOOK NUMBER | |
| International Standard Book Number | 9780307640797 |
| 050 ## - LIBRARY OF CONGRESS CALL NUMBER | |
| Classification number | QL 676 |
| Item number | .K92 1991 |
| 100 ## - MAIN ENTRY--PERSONAL NAME | |
| Personal name | Kress, Stephen W. |
| 245 ## - TITLE STATEMENT | |
| Title | Bird life: |
| Remainder of title | a guide to the behavior and biology of birds / |
| Statement of responsibility, etc | Stephen W. Kress |
| 260 ## - PUBLICATION, DISTRIBUTION, ETC. (IMPRINT) | |
| Place of publication, distribution, etc | NY : |
| Name of publisher, distributor, etc | Golden Press |
| Date of publication, distribution, etc | 1991 |
| 300 ## - PHYSICAL DESCRIPTION | |
| Extent | 160 pages : |
| Other physical details | col. illustration ; |
| Dimensions | 19 cm. |
| 500 ## - GENERAL NOTE | |
| General note | includes index |
| 650 ## - SUBJECT ADDED ENTRY--TOPICAL TERM | |
| Topical term or geographic name as entry element | Birds |
| 650 ## - SUBJECT ADDED ENTRY--TOPICAL TERM | |
| Topical term or geographic name as entry element | Birds -- behavior |
| 942 ## - ADDED ENTRY ELEMENTS (KOHA) | |
| Source of classification or shelving scheme | Library of Congress Classification |
| Koha item type | Books |
| Withdrawn status | Lost status | Source of classification or shelving scheme | Damaged status | Home library | Current library | Shelving location | Date acquired | Source of acquisition | Total Checkouts | Full call number | Barcode | Date last seen | Price effective from | Koha item type | Public note |
|---|---|---|---|---|---|---|---|---|---|---|---|---|---|---|---|
| Library of Congress Classification | Luxembourg Library | Luxembourg Library | Grade School Section | 11/19/2018 | Donation | QL 676 .K92 1991 | 20672 | 11/19/2018 | 11/19/2018 | Books | Donated by Mr. Goldman |